000 00970nac a22002291u 4500
008 101101t xxu||||| |||| 00| 0 eng d
010 _a 96083886
020 _a0030328225
020 _a9780030328220
082 0 0 _a330
_bGAR
100 _aGardner, H. Stephen.
_920843
245 1 0 _aComparative Economic Systems /
_cH. Stephen Gardner.
250 _a2nd ed.
260 _aFort Worth :
_bDryden Press, 1998
_cc1998.
300 _axxi, 761 p. :
_bmaps ;
_c25 cm.
440 4 _aThe Dryden Press series in economics
_920844
504 _aIncludes bibliographies and index.
650 0 _aComparative economics.
_920845
942 _cBB
_k330G2261
_2ddc
999 _c4872
_d4872